| 000 | 00610nam a22002057a 4500 | ||
|---|---|---|---|
| 005 | 20260421125840.0 | ||
| 008 | 260421b |||||||| |||| 00| 0 eng d | ||
| 020 |
_a9788120817777 _c375.00 |
||
| 040 | _aMAIN | ||
| 041 | _aEnglish | ||
| 082 |
_a510 _bPAT |
||
| 100 |
_aPatwardhan, Krishnaji Shankara _926671 |
||
| 245 |
_aLilavati of Bhaskaracarya _b:a Treatise of Mathematics of Vedic tradition |
||
| 260 |
_aDelhi _bMotilal Banarsidass _c2017 |
||
| 300 | _a201 | ||
| 650 |
_aHindu Studies _925783 |
||
| 700 |
_aNaimpally, Someshakhara Amrita _926672 |
||
| 700 |
_aSingh, Shyam Lal _926673 |
||
| 942 | _cBK | ||
| 999 |
_c60667 _d60667 |
||